000 00493nam a2200169Ia 4500
008 240729s9999 xx 000 0 und d
022 _a2834-5347
245 0 _aExploration of Neuroscience
260 _aChina
260 _bOpen Exploration Publishing Inc.
650 _a Internal medicine
650 _a Neurosciences. Biological psychiatry. Neuropsychiatry
650 _aMedicine
856 _uhttps://doaj.org/toc/c4bc3dbbfbfa4caf84b4aa78a09de5b3
942 _2ddc
942 _cDOAJEJ
999 _c69712
_d69712
945 _a1
_bMadushi Gamage
_c1
_dMadushi Gamage